Casos latinoamericanos de cambio climático y desarrollo : una colección de 19 casos sobre las posibilidades regionales ante el mercado mundial de servicios de reducción de emisiones atmosféricas y energía limpia
Gardado en:
| Autor Principal: | |
|---|---|
| Outros autores: | , |
| Formato: | Libro |
| Idioma: | Spanish |
| Publicado: |
San José, C.R. : COPIECO
2002
|
| Materias: | |
| Etiquetas: |
Engadir etiqueta
Sen Etiquetas, Sexa o primeiro en etiquetar este rexistro!
|
MARC
| LEADER | 00000nam a22000007a 4500 | ||
|---|---|---|---|
| 007 | 363.738.74 C341c | ||
| 008 | 170531b2002 cr a|||| |||| 00| ||spa d | ||
| 020 | |a 9968290165 | ||
| 100 | |a Castro Salazar, René, (Editor/a) |9 8649 | ||
| 245 | |a Casos latinoamericanos de cambio climático y desarrollo : una colección de 19 casos sobre las posibilidades regionales ante el mercado mundial de servicios de reducción de emisiones atmosféricas y energía limpia | ||
| 260 | |a San José, C.R. : COPIECO |c 2002 | ||
| 300 | |a xxiii, 320 páginas | ||
| 650 | |x CAMBIOS CLIMATICOS |x ASPECTOS AMBIENTALES |x DESARROLLO SOSTENIBLE |x AMERICA LATINA |x EFECTO INVERNADERO |x CAPTURA DE CARBONO |x BOSQUES |x ENERGIA ELECTRICA |x PRODUCCION |x CONSUMO DE ENERGIA ELECTRICA |x TRANSPORTE PUBLICO |9 8650 | ||
| 700 | |9 8647 |a Cordero Pinchansky, Sarah | ||
| 700 | |9 8648 |a Acevedo, Celeste, (Editor/a) | ||
| 942 | |c BK | ||
| 999 | |c 18477 |d 18477 | ||



